000
00299nam a22001337a 4500
008
181012b xxu||||| |||| 00| 0 eng d
020
_a
9780071799423
041
_a
eng
080
_2
7th
_a
610.73
100
_a
1
101
_a
INF
245
_a
Nurse's Drug handbook
_c
Schull,P.D
942
_2
udc
_c
BK
999
_c
49549
_d
49549